Ztracený svět čili Zpráva o úžasných, nedávných dobrodružstvích profesora G. E. Challengera, Lorda Johna Roxtona, profesora Summerleea a pana E. D. Malonea z redakce "Daily Gazette" / Sir Arthur Conan Doyle ; Přel. Karel Weinfurter ; Ilustr. R. Adámek
Available copies
- 1 of 1 copy available at Common Catalog SPOK.
Holds
- 0 current holds with 1 total copy.
Show Only Available Copies
| Location | Call Number / Copy Notes | Barcode | Shelving Location | Status | Due Date |
|---|---|---|---|---|---|
| Hospic Dobrého Pastýře | BE-D
Tematická katagorie: Beletrie (BE) |
204595701043 | Knihovna | Available | - |
| LDR | 00830nam a22002171 4500 | ||
|---|---|---|---|
| 001 | 29483 | ||
| 003 | CZ-PrJAB | ||
| 005 | 20171129132257.0 | ||
| 008 | 000229s1925 xr cze | ||
| 015 | . | ‡acnb000567501 | |
| 035 | . | ‡a(CZ PrNK)nos190108378002 | |
| 040 | . | ‡aABA001 ‡bcze ‡cHKA001 ‡dABA001 | |
| 041 | 1 | . | ‡acze ‡heng |
| 100 | 1 | . | ‡aDoyle, Arthur Conan, ‡cSir, ‡d1859-1930 ‡7jn19990001842 ‡4aut |
| 245 | 1 | 0. | ‡aZtracený svět čili Zpráva o úžasných, nedávných dobrodružstvích profesora G. E. Challengera, Lorda Johna Roxtona, profesora Summerleea a pana E. D. Malonea z redakce "Daily Gazette" / ‡cSir Arthur Conan Doyle ; Přel. Karel Weinfurter ; Ilustr. R. Adámek |
| 250 | . | ‡aNové vyd. | |
| 260 | . | ‡aPraha : ‡bHokr, ‡c1925 | |
| 300 | . | ‡a2 l. 328 s. : ‡b12 obr. příl. ; ‡c8° | |
| 490 | 1 | . | ‡aZáhady ; ‡v5 |
| 830 | 0. | ‡aZáhady | |
| 910 | . | ‡aBNE702 | |
| 998 | . | ‡a000567501 | |
| 901 | . | ‡a29483 ‡b ‡c29483 ‡tbiblio | |